[Event "Vlissingen HZ op 15th"]
[Site "Vlissingen"]
[Date "2011.08.06"]
[Round "9"]
[White "Etxagibel Larranaga, Asier"]
[Black "Van Eijk, Maurice"]
[Result "1/2-1/2"]
[WhiteElo "2017"]
[BlackElo "1839"]
[PlyCount "48"]
[EventDate "2011.07.30"]
[EventType "swiss"]
[EventRounds "9"]
[EventCountry "NED"]
[SourceTitle "CBM 143 Extra"]
[Source "ChessBase"]
[SourceDate "2011.08.29"]
[SourceVersion "1"]
[SourceVersionDate "2011.08.29"]
[SourceQuality "1"]

1. e4 c5 2. c3 Nf6 3. e5 Nd5 4. d4 cxd4 5. cxd4 d6 6. Nf3 Nc6 7. Bc4 Nb6 8. Bb3 Bg4 9. Bxf7+ Kxf7 10. Ng5+ Ke8 11. Qxg4 dxe5 12. Nxh7 Qd6 13. Nxf8 Rxf8 14. 0-0 Nxd4 15. Nc3 Nd5 16. Nxd5 Qxd5 17. Be3 Rd8 18. b3 Rd6 19. Rac1 Rff6 20. Rc8+ Kf7 21. Bxd4 Rg6 22. Qh3 exd4 23. g3 Rh6 24. Qg2 Qxg2+ 1/2-1/2

[Event "Twente Young Master op-C"]
[Site "Twente"]
[Date "2007.08.07"]
[Round "3"]
[White "Van Eijk, Maurice"]
[Black "Rauw, Gert Jan"]
[Result "0-1"]
[WhiteElo "1502"]
[BlackElo "1930"]
[PlyCount "62"]
[EventDate "2007.08.06"]
[EventType "swiss"]
[EventRounds "9"]
[EventCountry "NED"]
[SourceTitle "EXT 2008"]
[Source "ChessBase"]
[SourceDate "2007.11.25"]
[SourceVersion "1"]
[SourceVersionDate "2007.11.25"]
[SourceQuality "1"]

1. e4 c5 2. Nf3 Nc6 3. d4 cxd4 4. Nxd4 Nf6 5. Nc3 d6 6. f3 e6 7. Be3 a6 8. Qd2 Bd7 9. 0-0-0 b5 10. Bxb5 axb5 11. Ndxb5 Ne5 12. Bf4 Bxb5 13. Nxb5 Qb6 14. Nxd6+ Bxd6 15. Qxd6 Qxd6 16. Rxd6 Ng6 17. Bg5 Rxa2 18. Kb1 Ra5 19. f4 0-0 20. Bxf6 gxf6 21. g3 Rfa8 22. Kc1 Ra1+ 23. Kd2 Rxh1 24. c4 Rxh2+ 25. Kd3 Rg2 26. c5 Rxg3+ 27. Kc4 Ne7 28. c6 Re3 29. c7 Kg7 30. Rd7 Nc8 31. b4 Nb6+ 0-1

[Event "Twente Young Master op-C"]
[Site "Twente"]
[Date "2007.08.07"]
[Round "2"]
[White "Van Eijk, Maurice"]
[Black "Skandar, Kambiz"]
[Result "0-1"]
[WhiteElo "1502"]
[BlackElo "1714"]
[PlyCount "62"]
[EventDate "2007.08.06"]
[EventType "swiss"]
[EventRounds "9"]
[EventCountry "NED"]
[SourceTitle "EXT 2008"]
[Source "ChessBase"]
[SourceDate "2007.11.25"]
[SourceVersion "1"]
[SourceVersionDate "2007.11.25"]
[SourceQuality "1"]

1. e4 c5 2. Nf3 d6 3. d4 cxd4 4. Nxd4 Nf6 5. Nc3 g6 6. Be3 Bg7 7. f3 Nc6 8. Qd2 0-0 9. 0-0-0 Bd7 10. h4 Qa5 11. g4 h5 12. Nb3 Qd8 13. gxh5 Nxh5 14. Bh6 Ne5 15. Bxg7 Kxg7 16. Be2 Rc8 17. f4 Ng4 18. Bxg4 Bxg4 19. Rdg1 f5 20. exf5 Bxf5 21. Rg5 e5 22. fxe5 dxe5 23. Qxd8 Rfxd8 24. Rhg1 Kh7 25. Re1 Re8 26. Nd2 Nf6 27. Nce4 Nxe4 28. Nxe4 Rc6 29. h5 Kh6 30. hxg6 Bxe4 31. Rg3 Rxc2+ 0-1

[Event "NED-ch U13"]
[Site "Rijswijk"]
[Date "2006.05.27"]
[Round "7"]
[White "Offringa, Joost"]
[Black "Van Eijk, Maurice"]
[Result "1-0"]
[WhiteElo "1728"]
[BlackElo "1497"]
[PlyCount "85"]
[EventDate "2006.05.25"]
[EventType "swiss"]
[EventRounds "9"]
[EventCountry "NED"]
[SourceTitle "EXT 2009"]
[Source "ChessBase"]
[SourceDate "2008.11.26"]
[SourceVersion "1"]
[SourceVersionDate "2008.11.26"]
[SourceQuality "1"]

1. e4 c5 2. Nf3 e6 3. d4 cxd4 4. Nxd4 Nf6 5. Nc3 d6 6. Bg5 Be7 7. Be2 a6 8. Qd2 b5 9. 0-0 Bb7 10. f3 Nbd7 11. Rfe1 Rc8 12. Rac1 Ne5 13. f4 Nc4 14. Bxc4 Rxc4 15. b3 Rc8 16. f5 Qb6 17. fxe6 fxe6 18. Kh1 Ng4 19. Bxe7 e5 20. Bh4 Qxd4 21. Qg5 Nf2+ 22. Bxf2 Qxf2 23. Rf1 Qxf1+ 24. Rxf1 Rf8 25. Rxf8+ Kxf8 26. Nd5 Bxd5 27. Qf5+ Ke7 28. Qxc8 Bxe4 29. Qxa6 Bxc2 30. Qxb5 e4 31. a4 Bd3 32. Qd5 Bc2 33. a5 Kd7 34. a6 e3 35. a7 e2 36. Qf7+ Kc6 37. a8Q+ Kb6 38. Qf2+ Kc7 39. Qaa7+ Kc6 40. Qxe2 Bxb3 41. Qaa6+ Kc5 42. Qab5+ Kd4 43. Qed3# 1-0

[Event "NED-ch U13"]
[Site "Rijswijk"]
[Date "2006.05.27"]
[Round "9"]
[White "Van Overdam, Julian"]
[Black "Van Eijk, Maurice"]
[Result "0-1"]
[WhiteElo "1685"]
[BlackElo "1497"]
[PlyCount "46"]
[EventDate "2006.05.25"]
[EventType "swiss"]
[EventRounds "9"]
[EventCountry "NED"]
[SourceTitle "EXT 2009"]
[Source "ChessBase"]
[SourceDate "2008.11.26"]
[SourceVersion "1"]
[SourceVersionDate "2008.11.26"]
[SourceQuality "1"]

1. e4 c5 2. Nf3 e6 3. d4 cxd4 4. Nxd4 Nf6 5. Bd3 Nc6 6. Be3 Be7 7. Nc3 d6 8. Qd2 Ng4 9. Bb5 Qc7 10. 0-0-0 Nxe3 11. Qxe3 0-0 12. Bxc6 bxc6 13. f4 Bd7 14. g4 Rfb8 15. Qg3 Qb6 16. Nb3 a5 17. a4 c5 18. Qe3 Qb4 19. Qg3 Bxa4 20. Nxa4 Qxa4 21. g5 Qxe4 22. Rhe1 Qb4 23. f5 a4 0-1